Harry Potter - L'école des sorciers - Statistiques

Statistiques générales
  • Ce quiz a été pris 225 fois
  • Le résultat moyen est 22 sur 30
Statistiques - réponses
Difficulté Questions Réponses % Correct
. Quels animaux apportent les lettres d'admission chez les Dursley ? Des chouettes
95%
. Quel est le plus beau jour de la semaine selon Vernon Dursley ? Le dimanche
94%
D'après Hermione, qui ensorcelle Harry pendant le match, à tord ? Severus Rogue
94%
Quel poste Harry décroche-t-il dans l'équipe de Quidditch ? Attrapeur
91%
. Où dort Harry ? Sous l'escalier
90%
Contre qui Gryffondor joue-t-il son match de Quidditch ? Serpentard
89%
Qui se cache sous le turban du Professeur Quirrell ? Voldemort
89%
. Qui accompagne le Professeur Dumbledore et Hagrid dans la première scène du film ? Minerva McGonagall
87%
Quelle maison remporte la Coupe des 4 maisons ? Gryffondor
86%
Quel balai reçoit Harry avant son match de Quidditch ? Un Nimbus 2000
85%
Sur quelle pièce d'échec Ron monte-t-il pendant la partie ? Un cavalier
83%
Quel parfum a le bonbon que mange Albus Dumbledore ? Crotte de nez
80%
Qu'a fabriqué Nicolas Flamel ? La pierre philosophale
80%
. Avec quoi Hagrid allume-t-il la cheminée ? Son parapluie
80%
Qui vient rendre visite à Harry dans l'infirmerie ? Albus Dumbledore
79%
Que reçoit Harry pour Noël ? Une cape d'invisibilité
77%
. Combien Dudley a-t-il de cadeaux cette année ? 36
76%
Où le reflet d'Harry cache la pierre philosophale ? Dans sa poche
76%
. Quel est le premier Professeur qu'Harry rencontre (avant d'aller sur le chemin de traverse) Quirinius Quirrell
76%
. Que dit le serpent du zoo à Harry en sortant de sa cage ? Merci
75%
De qui la baguette est-elle recouverte de morve de Troll Harry Potter
73%
Quel élève Hermione pétrifie-t-elle ? Neville Londubat
71%
Comment s'appelle le chien à trois têtes ? Touffu
69%
Avec Ron, Hermione et Harry, qui est le 4e élève en retenue ? Drago Malfoy
64%
Quel nom donne Hagrid à son dragon ? Norbert
59%
Quel cadeau fait Hagrid à Harry pour son anniversaire ? Hedwige
57%
Que fait tomber le Roi Blanc à la fin de la partie d'échec ? Son épée
56%
Qui est le premier élève à passer sous le Choixpeau ? Hermione Granger
55%
Quelle créature sauve Harry dans la forêt interdite ? Un centaure
26%
. Que dit Vernon Dursley à Harry en rentrant du zoo ? Mon garçon, la magie ça n'existe pas !
10%
Aucun quiz correspondant
Distribution des résultats
% des personnes avec chaque résultat
Percentile par nombre de réponses
Votre historique - résultats
Vous n’avez pas pris ce quiz